00867 a2200133 4500003000500000005001700005020001200022040000900034082001600043100002100059245006400080505056400144650002500708Nust20230515131346.0 a6221311 cNust a001.539,INF aHowerton w ,paul aInformation handling first principles / cPaul W. Howerton aInformation System Theory as the Foundation of Practice of Practical Design (Page-1), File Organization: Principles and Practices for Processing and Maintaining the Collection (Page-19), Indexing in Depth: Practical Parameters (Page-55), Optimizing Information Searches (Page-89), Feedback from the User (Page-107), The Role of the Information System Executive (Page-137), Organization for a Science Information Service (Page-171), Selection and Training of Information Center Personal (Page-183), Criteria for Total Information System Evaluation (Page-195).  aInformation Handling